Readings in Microeconomics

Salvato in:
Dettagli Bibliografici
Autore principale: Breit, William
Altri autori: Hochman, Harold M., Saueracker, Edward
Natura: Libro
Lingua:inglese
Pubblicazione: St. Louis Times Mirror/Mosby College Pub. 1986
Edizione:1. ed.
Soggetti:
Tags: Aggiungi Tag
Nessun Tag, puoi essere il primo ad aggiungerne!!

MARC

LEADER 00000nam a2200000 4500
001 c000295
005 20221207074111.7
020 |a 0-8016-0795-7 
041 0 |a eng 
044 |a US 
245 1 0 |a Readings in Microeconomics  |c William Breit, Harold M. Hochman, Edward Saueracker 
250 |a 1. ed. 
264 1 |a St. Louis  |b Times Mirror/Mosby College Pub.  |c 1986 
300 |a 481 s. 
610 2 0 |a mikroekonomika 
610 2 0 |a ekonómia 
610 2 0 |a dopyt 
610 2 0 |a ponuka 
610 2 0 |a teória úžitku 
610 2 0 |a teória spotreby 
610 2 0 |a podnik 
610 2 0 |a firmy 
610 2 0 |a teória zásob 
610 2 0 |a informácie 
610 2 0 |a kontrakty 
610 2 0 |a dohody obchodné 
610 2 0 |a trh 
610 2 0 |a konkurencia 
610 2 0 |a rovnováha 
610 2 0 |a rozvoj sociálny 
100 1 |a Breit, William 
700 1 |a Hochman, Harold M. 
700 1 |a Saueracker, Edward